Pays du monde contenant un S - Statistiques

Statistiques générales
  • Ce quiz a été pris 3 410 fois
  • Le résultat moyen est 50 sur 68
Statistiques - réponses
Pays % Correct
Suède
92%
États-Unis
89%
Russie
89%
Slovaquie
89%
Slovénie
89%
Suisse
89%
Espagne
88%
Soudan
88%
Australie
87%
Soudan du Sud
84%
Islande
83%
Somalie
83%
Suriname
83%
Brésil
82%
Afghanistan
81%
Pakistan
81%
Saint-Marin
81%
Estonie
80%
Afrique du Sud
79%
Corée du Sud
79%
Sainte-Lucie
79%
Saint-Vincent-et-les-Grenadines
79%
Serbie
79%
Biélorussie
78%
Saint-Christophe-et-Niévès
78%
Kazakhstan
77%
Sénégal
77%
Turkménistan
77%
Ouzbékistan
76%
Seychelles
76%
Syrie
76%
Israel
75%
Kirghizistan
75%
Laos
75%
Tadjikistan
75%
Tunisie
75%
Indonésie
74%
Arabie Saoudite
73%
Émirats Arabes Unis
73%
Salvador
73%
Bosnie-Herzégovine
72%
Costa Rica
72%
Pays-Bas
72%
Sri Lanka
72%
Samoa
71%
Sao Tomé-et-Principe
69%
Singapour
69%
Honduras
68%
Malaisie
68%
Sierra Leone
67%
Comores
66%
Salomon
66%
Eswatini
65%
Bahamas
64%
Philippines
64%
Botswana
63%
Lesotho
63%
Madagascar
63%
Maldives
62%
Kosovo
61%
Palaos
61%
Îles Marshall
60%
Guinée-Bissau
58%
Liechtenstein
58%
Papouasie-Nouvelle-Guinée
57%
Micronésie
56%
Bangladesh
55%
Burkina Faso
51%
Aucun quiz correspondant
Distribution des résultats
% des personnes avec chaque résultat
Percentile par nombre de réponses
Votre historique - résultats
Vous n’avez pas pris ce quiz